| 000 | 00658nam a2200217 a 4500 | ||
|---|---|---|---|
| 001 | 25089 | ||
| 003 | CO-ViMGA | ||
| 005 | 20230915232041.0 | ||
| 008 | 141112s2004 ck r 000 u spa d | ||
| 020 | _a9788493842949 | ||
| 040 |
_aCO-ViMGA _bspa _cCO-ViMGA |
||
| 090 | _aSQUc | ||
| 245 | 1 | 0 |
_aEn casa de mis abuelos / _cArianna Squilloni, Alba Marina Rivera. |
| 260 |
_aEkare, _c2011 |
||
| 300 | _a[26] p. | ||
| 650 | 1 | 4 |
_aCuentos infantiles italianos _94586 |
| 650 | 1 | 4 |
_aLibro album _938215 |
| 650 | 1 | 4 |
_aLiteratura infantil _92746 |
| 942 |
_2ddc _cBK |
||
| 999 |
_c32721 _d32721 |
||